000 00520nam a2200181Ia 4500
008 150610s9999 xx 000 0 und d
020 _a9780151008117
050 _aPR9199.3
_b.M3855 .M361 2001  
100 _aMartel, Yann
245 _aLife of Pi:
_ba novel /
_cYann Martel.
260 _aNew York :
_bHarcourt,
_c2001.
300 _a401pages ;
_c18 cm.
520 _aFiction.
650 _aOrphans
_xFiction.
650 _aPacific ocean
_bFiction
650 _aStorytelling
_bFiction
650 _aTigers
_xFiction.
999 _c287917
_d287917